Central Library OPAC University of Rajshahi

Culture, class, and development in Pakistan : (Record no. 43185)

MARC details
000 -LEADER
fixed length control field 00940nam a2200277 a 4500
001 - CONTROL NUMBER
control field 43185
003 - CONTROL NUMBER IDENTIFIER
rucl marc code BD-RjUL
005 - DATE AND TIME OF LATEST TRANSACTION
control field 20211209053647.0
008 - FIXED-LENGTH DATA ELEMENTS--GENERAL INFORMATION
fixed length control field 160620s1991 coua b 001 0 eng
020 ## - INTERNATIONAL STANDARD BOOK NUMBER
International Standard Book Number 0813379105 :
035 ## - SYSTEM CONTROL NUMBER
System control number (BD-RjUL)43303
040 ## - CATALOGING SOURCE
Original cataloging agency DLC
Transcribing agency DLC
Modifying agency DLC
-- BD-RjUL
Language of cataloging eng
041 ## - LANGUAGE CODE
Language code of text/sound track or separate title eng
082 00 - DEWEY DECIMAL CLASSIFICATION NUMBER
Classification number 305.5095491
Edition number 23
Author mark and year WEC 1991
100 1# - MAIN ENTRY--PERSONAL NAME
Personal name Weiss, Anita M.
9 (RLIN) 132621
245 10 - TITLE STATEMENT
Title Culture, class, and development in Pakistan :
Remainder of title the emergence of an industrial bourgeoisie in Punjab /
Statement of responsibility, etc. Anita M. Weiss.
260 ## - PUBLICATION, DISTRIBUTION, ETC. (IMPRINT)
Place of publication, distribution, etc. Boulder :
Name of publisher, distributor, etc. Westview Press,
Date of publication, distribution, etc. 1991,
300 ## - PHYSICAL DESCRIPTION
Pagination x, 207 p. :
Illustrations ill ;
Size 24 cm.
500 ## - GENERAL NOTE
General note index.
650 #0 - SUBJECT ADDED ENTRY--TOPICAL TERM
Topical term or geographic name as entry element Entrepreneurship
Geographic subdivision Pakistan.
9 (RLIN) 132623
Topical term or geographic name as entry element Industries
Geographic subdivision Pakistan.
9 (RLIN) 132624
651 #0 - SUBJECT ADDED ENTRY--GEOGRAPHIC NAME
Geographic name Pakistan
General subdivision Economic conditions.
9 (RLIN) 132625
Geographic name Pakistan
General subdivision Social conditions.
9 (RLIN) 132626
942 ## - ADDED ENTRY ELEMENTS (KOHA)
Source of classification or shelving scheme Dewey Decimal Classification
Koha item type Books
Holdings
Lost status Source of classification or shelving scheme Damaged status Not for loan Collection code Permanent Location Current Location Shelving location Date acquired Total Checkouts Full call number Date last seen Copy number Koha item type Source of acquisition
  Dewey Decimal Classification     Non-fiction Central Library, University of Rajshahi Central Library, University of Rajshahi   05/12/1993   305.5095491 WEC 1991 20/06/2016 C-2 Books  
  Dewey Decimal Classification   Not For Loan Non-fiction Central Library, University of Rajshahi Central Library, University of Rajshahi Reading Room 09/09/1993   305.5095491 WEC 1991 18/12/2016 C-1 Books Asia Fundation